000 00414nam a2200157Ia 4500
008 160316s1993 xxu||||| |||| 00| 0 eng d
082 _a658.014000
_bDUN
100 _aDunham Andrea
245 _aUnique value : The secret of all great business strategies
250 _a
260 _aNew York
_bMacmillan Publishing Co.
_c1993
300 _a288p
_b
_cxxii
365 _b
650 _a
700 _aMarcus Barry
_a
999 _c18417
_d18417